| 000 | 01339nam0a2200325 4500 | ||
|---|---|---|---|
| 001 | RU\NLR\bibl\81223 | ||
| 005 | 20260406163046.0 | ||
| 035 | _a(NLR Aleph) 000079306 | ||
| 090 |
_a440908 _c440908 |
||
| 100 | _a20000419d1895 |||y0rusy50 ca | ||
| 101 | 0 | _arus | |
| 102 | _aRU | ||
| 105 | _ay ||||||||| | ||
| 200 | 1 | _aСвятой блаженный Василий Христа ради юродивый, московский чудотворец | |
| 205 | _a2-е изд. | ||
| 210 |
_aМ. _cКнигопродавец Е.А. Губанов _d1895 |
||
| 215 |
_a36 с. _d17 |
||
| 300 | _aЗагл. обл.: Житие святого блаженного Василия Христа ради юродивого московского чудотворца | ||
| 512 | 1 | _aЖитие святого блаженного Василия Христа ради юродивого московского чудотворца | |
| 686 | _aЭ372.24-574.8 | ||
| 702 | 0 |
_4570 _8rus _7ca _aВасилий Блаженный _cсвятой юродивый _f1469-1557 _3RU\NLR\AUTH\779839 _9119639 |
|
| 801 | 0 |
_aRU _bNLR _c20000419 _gPSBO |
|
| 801 | 1 |
_aRU _bNLR _c20000419 |
|
| 830 | _aО.К. не нужна | ||
| 852 |
_aNLR _j2000-2/189 |
||
| 942 | _cBOOK | ||
| 980 | _aNB | ||